| 000 | 01117nac a22003257a 4500 | ||
|---|---|---|---|
| 001 | BR9803832 | ||
| 003 | BR-BrBNA | ||
| 005 | 20240105122036.0 | ||
| 008 | 230509b bl.|||m| |||| 00| 0 por d | ||
| 040 |
_aBR-BrBNA _bpor _cBiblioteca Nacional de Agricultura |
||
| 072 | _aF30 | ||
| 090 | _a0120 BR9803832 | ||
| 100 | 1 | _aCosta, C.A. | |
| 100 | 1 | _aSandrini, M. | |
| 100 | 1 | _aAssis, D.B. de | |
| 100 | 1 | _aDaros, R. | |
| 100 | 1 | _aBazoni, R. | |
| 100 | 1 | _aSoares Sobrinho, J. | |
| 110 | 1 | _aEmpresa de Pesquisa, Assistencia Tecnica e Extensao Rural de Mato Grosso do Sul, Campo Grande (Brasil) | |
| 245 | 1 | _aRecomendacao de cultivares de milho para Mato Grosso do Sul, ano agricola 1995/96 | |
| 260 | 3 |
_aCampo Grande, MS (Brasil): _c1995. |
|
| 300 | _a9 p. | ||
| 490 |
_aComunicado Tecnico - Empresa de Pesquisa, Assistencia Tecnica e Extensao Rural de Mato Grosso do Sul (Brazil) _vno. 18 _xISSN 0102-1303 |
||
| 500 | _aSummary (Pt); 5 illus. | ||
| 650 | _aMilho | ||
| 650 | _aVariedade | ||
| 650 | _aMato Grosso do Sul | ||
| 909 |
_a202312 _bLúcia Elande _c55 _dLúcia Elande |
||
| 942 |
_2AGRIS _n0 _cMS |
||
| 999 |
_c288881 _d288881 |
||